000 00649nam a2200181 i 4500
001 157010
003 ES-MaACL
005 20231212161145.0
008 180109s1990 sp |||| |bspa d
245 0 0 _aPontevedra turística
_b: guía provincial.
260 _aPontevedra :
_bPatronato Provincial de Turismo "Rías Baixas",
_cD.L. 1990.
300 _a270 p. :
_bil. ;
_c23 cm.
651 4 _aPontevedra (Provincia)-
_vGuías turísticas.
_9164006
710 2 _aPatronato Provincial de Turismo "Rías Baixas"
_9164007
852 _aES-MaACL
_jA-14046
_9162799
_bR.151588
_cDEPO1
_dOlim: N-7046
942 _2udc
_cMONOGRAFIA
999 _c157010
_d157010